| 000 | 00835nam a22002657a 4500 | ||
|---|---|---|---|
| 001 | BR2017001238 | ||
| 003 | BR-BrBNA | ||
| 005 | 20230928105105.0 | ||
| 007 | ta | ||
| 008 | 230509b bl.||||| |||| 00| 0 por d | ||
| 040 |
_aBR-BrBNA _bpor _cBiblioteca Nacional de Agricultura |
||
| 041 | _a(Por) | ||
| 072 | _aC30 | ||
| 090 | _ C30 BR2017001238 | ||
| 100 | 1 | _aFurtado, T.B. | |
| 110 | 1 |
_aUniversidade Federal de Lavras, MG (Brasil) _0Tese (Mestrado) |
|
| 245 | 1 | _aAbordagem híbrida de recomendação de conteúdo baseada em tags adaptativas aplicada em bibliotecas digitais | |
| 260 | 3 |
_aLavras, MG (Brasil): _c2016. |
|
| 300 | _a97 p. | ||
| 500 | _aSummaries (Eng, Por); 43 ref.; 9 tables; 13 illus. | ||
| 650 | _aSISTEMA DE INFORMAÇÃO | ||
| 650 | _aBIBLIOTECA | ||
| 909 |
_a202309 _bLucia _c55 _dLucia Elande |
||
| 942 | _cBK | ||
| 999 |
_c83363 _d83363 |
||